000 00550nam a2200181Ia 4500
008 100917s9999 xx 000 0 und d
082 _b29193
100 _aकवठेकर द. र.
245 _aआभाळाची सावली
260 _bकुलकर्णी गं्रथागार
_c1967
300 _a396
365 _b12
520 _aकादंबरी
630 _aआभाळाची सावली
650 _aकादंबरी
730 _aआभाळाची सावली
942 _cBOOK
999 _c634587
_d634584